Klikkaa planeettaa - Statistics

Yleistilastot
  • Tätä visaa on pelattu 771 kertaa
  • Keskiarvotulos 11 / 20
Vastaustilastot
Hint Vastaus % Oikein
Suurin planeetta 5. Jupiter
80%
Sillä on eniten renkaita 6. Saturnus
80%
Sijaitsee lähimpänä Aurinkoa 1. Merkurius
78%
On joskus kauempana Auringosta kuin Pluto 8. Neptunus
73%
Sen pinnalla on eniten vettä 3. Maa
72%
Tunnetaan "punaisena planeettana" 4. Mars
72%
Nimetty roomalaisen rakkauden jumalattaren mukaan 2. Venus
71%
Nasan Perseverance-mönkijä tutkii sen pintaa 4. Mars
69%
Pienin planeetta 1. Merkurius
66%
Nimetty roomalaisen sodan jumalan mukaan
4. Mars
53%
Astronominen yksikkö on sen keskietäisyys Aurinkoon 3. Maa
52%
Suuri punainen pilkku sijaitsee sen pinnalla 5. Jupiter
52%
Nimetty roomalaisen meren jumalan mukaan 8. Neptunus
52%
Sillä on suurin kuu (Ganymedes) 5. Jupiter
47%
Yltää korkeimpiin lämpötiloihin 2. Venus
42%
Suurin kiviplaneetta 3. Maa
34%
Sen akseli on eniten kallellaan (82,23°) 7. Uranus
34%
Siellä on eniten kraattereita ja se näyttää eniten Maan kuulta 1. Merkurius
32%
Yksi Segan konsoli on nimetty sen mukaan 6. Saturnus
27%
Tilavuudeltaan pienin kaasuplaneetta 8. Neptunus
23%
Ehtoja vastaavia visoja ei löytynyt
Tulosjakauma
Jokaisen tuloksen saaneiden osuus
Persentiili vastausten määrän mukaan
Tuloshistoriasi
Et ole pelannut tätä visaa